000 00971pam a2200289 a 4500
001 2995277
003 Nust
005 20220829115631.0
008 930112s1993 nyu 000 1 eng
010 _a 93006557
020 _a9780330478236
_cRs. 476
038 _aArshad
040 _aDLC
_cDLC
_dOCoLC
_dDLC
_dOCoLC
043 _an-us---
050 0 0 _aPR6053.O425
_bA8 1993
082 0 0 _a823
_bCOL
100 1 _aCollins, Jackie.
_912048
245 1 0 _aAmerican star :
_ba love story /
_cJackie Collins.
260 _aNew York :
_bSimon & Schuster,
_c1993.
300 _a560 p. ;
_c25 cm.
650 0 _aMotion picture actors and actresses
_xFiction.
_912055
650 0 _aModels (Persons)
_xFiction.
_912056
655 7 _aLove stories.
_2gsafd
_9418
906 _a7
_bcbc
_corignew
_d1
_eocip
_f19
_gy-gencatlg
942 _2ddc
_cBK
999 _c174422
_d174422